书目信息 |
| 题名: |
建筑材料
|
|
| 作者: | 崔辉 , 刘翔 , 王潭 主编 | |
| 分册: | ||
| 出版信息: | 武汉 武汉大学出版社 2021.08 |
|
| 页数: | 298页 | |
| 开本: | 26cm | |
| 丛书名: | ||
| 单 册: | ||
| 中图分类: | TU5 | |
| 科图分类: | ||
| 主题词: | 建筑材料--jian zhu cai liao--高等职业教育--教材 | |
| 电子资源: | ||
| ISBN: | 978-7-307-22482-7 | |
| 000 | 00896nam0 2200265 450 | |
| 001 | 011025153351 | |
| 005 | 20221025153351.0 | |
| 010 | @a978-7-307-22482-7@dCNY59.00 | |
| 100 | @a20201004d2021 em y0chiy0120 ea | |
| 101 | 0 | @achi |
| 102 | @aCN@b420000 | |
| 105 | @aa z 000yy | |
| 106 | @ar | |
| 200 | 1 | @a建筑材料@Ajian zhu cai liao@f崔辉, 刘翔, 王潭主编 |
| 205 | @a第2版 | |
| 210 | @a武汉@c武汉大学出版社@d2021.08 | |
| 215 | @a298页@c图@d26cm | |
| 300 | @a高等职业教育土建类专业“十四五”规划教材 | |
| 330 | @a本书共分十二个模块,内容包括:建筑材料的基本性质、气硬性胶凝材料、水泥、混凝土、建筑砂浆、墙体材料、建筑钢材、建筑防水材料、建筑装饰材料等。 | |
| 606 | 0 | @a建筑材料@Ajian zhu cai liao@x高等职业教育@j教材 |
| 690 | @aTU5@v5 | |
| 701 | 0 | @a崔辉@Acui hui@4主编 |
| 701 | 0 | @a刘翔@Aliu xiang@4主编 |
| 701 | 0 | @a王潭@Awang tan@4主编 |
| 905 | @a河南城建学院图书馆@dTU5@eC970 | |
| 建筑材料/崔辉, 刘翔, 王潭主编.-第2版.-武汉:武汉大学出版社,2021.08 |
| 298页:图;26cm |
| 高等职业教育土建类专业“十四五”规划教材 |
| ISBN 978-7-307-22482-7:CNY59.00 |
| 本书共分十二个模块,内容包括:建筑材料的基本性质、气硬性胶凝材料、水泥、混凝土、建筑砂浆、墙体材料、建筑钢材、建筑防水材料、建筑装饰材料等。 |
| ● |
| 相关链接 |
|
|
|
正题名:建筑材料
索取号:TU5/C970
 
预约/预借
| 序号 | 登录号 | 条形码 | 馆藏地/架位号 | 状态 | 备注 |
| 1 | 1587779 | 215877790 | 建筑库201/201建筑库 1排2列1层/ [索取号:TU5/C970] | 在馆 | |
| 2 | 1587780 | 215877807 | 建筑库201/201建筑库 1排2列1层/ [索取号:TU5/C970] | 在馆 |